000 01112nam a2200313 a 4500
003 BLK
005 20250728105428.0
008 180411b bul|||||r ||||||| ||bul||
010 _aKNG00206890000
020 _a9786197560190
040 _aBLK
041 _aBUL
_cBUL
080 _aАнглийска литература
_b821.111
_x-93-34
_z821.111-93-34
100 1 _aУолямс, Дейвид
_9133018
245 1 0 _aНящу
_cДейвид Уолямс ; прев. Михаил Балабанов ; ил. Тони Рос.
257 _aGBR
260 _aСофия
_bДУО ДИЗАЙН
_c2022
300 _a271 с.
_bс ил.
_c20 см
380 _aDX
500 _aОриг. загл. FING / David Walliams.
700 _aБалабанов, Михаил Петров
_eпрев.
_9443003
700 1 _aРос, Тони
_eил.
_9383259
852 _aЦб 325489
_bЦб
856 4 _qpdf
_i0.00
_ldisable
856 4 _qpdf
_i0.00
_ldisable
942 _cKNG
_n0
_078
_s1
944 _c2024-12-16
_k30564
_lАнна Гръцманова
999 _c484504
_d484504